Tú tan llena de mar y yo con un velero

Gorde:
Xehetasun bibliografikoak
Egile nagusia: Charpentier, Jorge
Formatua: Liburua
Hizkuntza:Undetermined
Argitaratua: San José, Costa Rica Editorial Costa Rica 1984
Gaiak:
Etiketak: Etiketa erantsi
Etiketarik gabe, Izan zaitez lehena erregistro honi etiketa jartzen!

MARC

LEADER 00000nam a2200000Ia 4500
008 170316s9999 xx 000 0 und d
040 |a cru BVZT 
090 |a 868 CH-3t 
100 |a Charpentier, Jorge 
245 |a Tú tan llena de mar y yo con un velero 
260 |a San José, Costa Rica  |b Editorial Costa Rica  |c 1984 
300 |a 61 páginas 
650 |a LITERATURA COSTARRICENSE 
650 |a POESÍA 
999 |c 10876  |d 10876 
942 |c 15 D  |h 868 CH-3t  |2 z